| 000 | 00683nam a22001937a 4500 | ||
|---|---|---|---|
| 999 |
_c20247 _d20247 |
||
| 003 | AR-CdUCM | ||
| 008 | 190528b ||||| |||| 00| 0 spa d | ||
| 040 |
_aMUNICIPALIDAD PROVINCIAL DEL CUSCO _cBIBLIOTECA MUNICIPAL DEL CUSCO |
||
| 082 |
_a600 / _bC87 |
||
| 100 |
_aCrosetti, Geronimo _942316 |
||
| 245 | _aCurso de tecnología mecánica / | ||
| 260 |
_aBuenos Aires : _bHobby, _c1956. |
||
| 300 |
_a199 páginas ; _bIlustraciones, _c27 cm. |
||
| 505 | _aContenido: Algunas nociones sobre metalurgia -- Altos hornos calientes -- Elaboración de los metales en caliente... | ||
| 650 |
_aMecánica _921111 |
||
| 650 |
_aTecnología _91571 |
||
| 942 |
_2ddc _cLIBROS |
||
| 945 | _aAndy | ||